000 01327cam a2200325 a 4500
001 13273235
003 ARRUPE
005 20220330083245.0
008 020215s2001 nyuabf b 001 0 eng
010 _a 2003464862
020 _a0465006426 (pbk.)
035 _a(UkLWHE)b000159916
040 _aDLC
_cDLC
_dDLC
043 _afb-----
050 0 0 _aDT352.8
_b.B46 2001
082 0 0 _a960.3/3
_222
100 1 _aBerkeley, Bill.
_951060
245 1 4 _aThe graves are not yet full :
_brace, tribe, and power in the heart of Africa /
_cBill Berkeley.
260 _aNew York :
_bBasic Books,
_cc2001.
300 _aix, 309 p., [8] p. of plates :
_bill., maps ;
_c21 cm.
504 _aIncludes bibliographical references (p. 287-293) and index.
650 0 _aInsurgency
_zAfrica, Sub-Saharan.
_951061
650 0 _aHeads of state
_zAfrica, Sub-Saharan.
_951062
651 0 _aAfrica, Sub-Saharan
_xPolitics and government
_y1960-
_923409
856 4 2 _3Contributor biographical information
_uhttp://www.loc.gov/catdir/enhancements/fy0831/2003464862-b.html
856 4 2 _3Publisher description
_uhttp://www.loc.gov/catdir/enhancements/fy0831/2003464862-d.html
906 _a7
_bcbc
_corigres
_d2
_encip
_f20
_gy-gencatlg
942 _2lcc
_cMONOGRAPH
999 _c131151
_d131151